Statistiken für Tierjunge

Klicken Sie hier um das Quiz zu spielen!

Allgemein

  • Dieses Quiz wurde 316 mal gespielt
  • Das Durchschnittsergebnis liegt bei 11 aus 17

Antwortstatistiken

TierartTierjunges% Korrekt
AntilopeKalb
95%
FuchsWelpe
94%
PferdFohlen, Füllen, Jährling
92%
EnteKüken
92%
SchweinFerkel
89%
SchafLamm
87%
RehRehkitz
85%
SchmetterlingRaupe
77%
FroschKaulquappe
70%
KatzeKätzchen
68%
WildschweinFrischling
66%
ZiegeGeißlein, Zicklein
59%
RobbeHeuler
56%
HaseHäschen
39%
Moor- / RebhuhnPiepser
2%
DachsGeheck
1%
LachsGrilse
1%

Verteilung der Resultate

Perzentil nach korrekt beantworteten Fragen

Anzahl Personen mit jedem Resultat

Ihre Resultats-Entwicklung

Sie haben dieses Quiz noch nicht gespielt